000 00453nam a22001697a 4500
003 NUST - PNEC
005 20170116181012.0
008 150902b xxu||||| |||| 00| 0 eng d
020 _a0060410418
040 _cLIBRARY
082 _a621.4021 BUR
100 _910262
_aBurghardt, M. David
245 _aEngineering thermodynamics with applications
_cM. David Burghardt
260 _cc 1978
650 _96537
_aThermodynamics
_xME
942 _2ddc
_cBK
999 _c67142
_d67142